[Event "Antioquia op"]
[Site "Antioquia"]
[Date "2020.03.07"]
[Round "7"]
[White "Paladines Pinzon, Samuel"]
[Black "Gomez Moscoso, Emanuel"]
[Result "0-1"]
[WhiteElo "1375"]
[BlackElo "1141"]
[PlyCount "54"]
[EventDate "2020.03.03"]
[EventType "swiss"]
[EventRounds "9"]
[EventCountry "COL"]
[SourceTitle "CBM 195 Extra"]
[Source "ChessBase"]
[SourceDate "2020.05.31"]
[SourceVersion "1"]
[SourceVersionDate "2020.05.31"]
[SourceQuality "1"]

1. e4 e5 2. Nf3 Nc6 3. Bc4 Bc5 4. d4 exd4 5. c3 dxc3 6. Nxc3 Nge7 7. 0-0 d6 8. Nd5 Bg4 9. h3 Be6 10. Be3 Qd7 11. Bxc5 dxc5 12. Rc1 0-0-0 13. Nxe7+ Qxe7 14. Bxe6+ Qxe6 15. Qc2 b6 16. Qa4 Kb7 17. Rfd1 h6 18. a3 Rhe8 19. Re1 Nd4 20. Nd2 Qc6 21. Qc4 Ne6 22. Qe2 Rd4 23. Nf3 Nf4 24. Qc2 Rdxe4 25. Rxe4 Qxe4 26. Qxe4+ Rxe4 27. Rd1 Re7 0-1

[Event "Medellin Aristizabal Cup"]
[Site "Medellin"]
[Date "2020.02.02"]
[Round "6"]
[White "Duque Munera, Emanuel"]
[Black "Gomez Moscoso, Emanuel"]
[Result "1-0"]
[WhiteElo "1600"]
[BlackElo "1127"]
[PlyCount "103"]
[EventDate "2020.01.29"]
[EventType "swiss"]
[EventRounds "7"]
[EventCountry "COL"]
[SourceTitle "CBM 194 Extra"]
[Source "ChessBase"]
[SourceDate "2020.03.31"]
[SourceVersion "1"]
[SourceVersionDate "2020.03.31"]
[SourceQuality "1"]

1. e4 e5 2. Nf3 Nc6 3. Bc4 Bc5 4. c3 Nf6 5. d3 d6 6. 0-0 Bg4 7. h3 Bh5 8. Nbd2 Qd7 9. a4 a5 10. Re1 0-0 11. Nf1 h6 12. Ng3 Bg6 13. d4 exd4 14. cxd4 Bb4 15. Re2 Ne7 16. e5 dxe5 17. Nxe5 Qd6 18. Nxg6 Nxg6 19. Nf5 Qc6 20. b3 Rfe8 21. Raa2 Ne4 22. Bb2 Nc3 23. Bxc3 Bxc3 24. Ne3 Nf4 25. Rec2 Bb4 26. Bxf7+ Kxf7 27. Rxc6 bxc6 28. Qf3 g5 29. g3 Rg8 30. gxf4 gxf4+ 31. Kh2 Bd6 32. Nc4 Rg6 33. Nxd6+ cxd6 34. Qxf4+ Kg7 35. Re2 Rg8 36. f3 Kh8 37. Qd2 Ra8 38. Qc3 d5 39. Rc2 Rag8 40. Qc5 Ra8 41. b4 axb4 42. Qxb4 Rag8 43. Ra2 Rg3 44. Qc3 R3g6 45. a5 Ra8 46. Qc2 Rf6 47. Qc3 Rg6 48. Rg2 Rxg2+ 49. Kxg2 Ra6 50. Kg3 Kg7 51. Qb4 Kf7 52. Qb7+ 1-0

[Event "Medellin Aristizabal Cup"]
[Site "Medellin"]
[Date "2020.02.01"]
[Round "5"]
[White "Gomez Moscoso, Emanuel"]
[Black "Lopez Guarin, Simon"]
[Result "0-1"]
[WhiteElo "1127"]
[BlackElo "1587"]
[PlyCount "46"]
[EventDate "2020.01.29"]
[EventType "swiss"]
[EventRounds "7"]
[EventCountry "COL"]
[SourceTitle "CBM 194 Extra"]
[Source "ChessBase"]
[SourceDate "2020.03.31"]
[SourceVersion "1"]
[SourceVersionDate "2020.03.31"]
[SourceQuality "1"]

1. e4 e5 2. Nf3 Nc6 3. Bc4 Nf6 4. Ng5 d5 5. exd5 Nd4 6. c3 b5 7. cxd4 bxc4 8. dxe5 Nxd5 9. Nf3 Bd7 10. Nc3 Nb4 11. b3 Nd3+ 12. Ke2 Bc5 13. Rf1 Nf4+ 14. Ke1 Nxg2+ 15. Ke2 Nf4+ 16. Ke1 Bh3 17. Rg1 Nd3+ 18. Ke2 Nxf2 19. Qc2 Qd3+ 20. Qxd3 cxd3+ 21. Ke1 Ng4 22. Rg3 Bf2+ 23. Kd1 Bxg3 0-1